[Event "TUR-ch Youth"]
[Site "Denizli"]
[Date "2022.05.29"]
[Round "9"]
[White "Karatas, Mehmet Salih"]
[Black "Ulku, Ahmet"]
[Result "0-1"]
[WhiteElo "1445"]
[BlackElo "1507"]
[PlyCount "46"]
[EventDate "2022.05.24"]
[EventType "swiss"]
[EventRounds "9"]
[EventCountry "TUR"]
[SourceTitle "EXT 2023"]
[Source "ChessBase"]
[SourceDate "2022.10.05"]
[SourceVersion "1"]
[SourceVersionDate "2022.10.05"]
[SourceQuality "1"]

1. e4 e5 2. Nf3 Nc6 3. Bb5 a6 4. Ba4 Nf6 5. 0-0 Nxe4 6. d4 b5 7. Bb3 d5 8. dxe5 Be6 9. c3 Bc5 10. Nbd2 0-0 11. Bc2 Bf5 12. Nb3 Bb6 13. Nbd4 Nxd4 14. cxd4 Bg4 15. Be3 f6 16. Qb1 f5 17. Qc1 h6 18. Bb3 Kh8 19. Bxh6 Bxf3 20. gxf3 Qh4 21. Bxg7+ Kxg7 22. fxe4 Qg4+ 23. Kh1 Rh8 0-1

[Event "TUR-ch Youth"]
[Site "Denizli"]
[Date "2022.05.26"]
[Round "4"]
[White "Konyar, Enver"]
[Black "Karatas, Mehmet Salih"]
[Result "1/2-1/2"]
[WhiteElo "1214"]
[BlackElo "1445"]
[PlyCount "102"]
[EventDate "2022.05.24"]
[EventType "swiss"]
[EventRounds "9"]
[EventCountry "TUR"]
[SourceTitle "EXT 2023"]
[Source "ChessBase"]
[SourceDate "2022.10.05"]
[SourceVersion "1"]
[SourceVersionDate "2022.10.05"]
[SourceQuality "1"]

1. d4 Nf6 2. Nf3 g6 3. g3 Bg7 4. Bg2 0-0 5. 0-0 d6 6. c4 c6 7. Nc3 Bf5 8. Nh4 Bc8 9. e4 e5 10. Nf3 Qc7 11. Be3 Be6 12. Qe2 Ng4 13. d5 Nxe3 14. fxe3 Bg4 15. h3 Bxf3 16. Rxf3 a5 17. h4 h5 18. Bh3 Qe7 19. Qf2 Nd7 20. Rf1 Nc5 21. g4 hxg4 22. Bxg4 Nxe4 23. Nxe4 f5 24. Bh3 fxe4 25. Be6+ Kh8 26. Rf7 Rxf7 27. Qxf7 Qxf7 28. Rxf7 Rb8 29. b3 Bh6 30. Kf2 g5 31. Bf5 Kg8 32. Rf6 Kh8 33. Rf7 Kg8 34. Rf6 Bg7 35. Be6+ Kh7 36. Rf5 gxh4 37. Rh5+ Bh6 38. Rxh4 Rf8+ 39. Ke2 Rf3 40. Rxe4 Rg3 41. Kd3 Rg2 42. Bf5+ Kg7 43. Rg4+ Rxg4 44. Bxg4 Kf6 45. Bf3 c5 46. e4 Kg5 47. Bd1 Kf4 48. Bh5 Kg3 49. Bd1 Kf2 50. Bh5 Ke1 51. Bg4 a4 1/2-1/2

[Event "TUR-chT Clubs"]
[Site "Konya"]
[Date "2019.07.20"]
[Round "8.21"]
[White "Karatas, Mehmet Salih"]
[Black "Altay, Sinan Can"]
[Result "0-1"]
[WhiteElo "1312"]
[BlackElo "1147"]
[PlyCount "114"]
[EventDate "2019.07.16"]
[EventType "team-swiss"]
[EventRounds "9"]
[EventCountry "TUR"]
[SourceTitle "CBM 191 Extra"]
[Source "ChessBase"]
[SourceDate "2019.09.30"]
[SourceVersion "1"]
[SourceVersionDate "2019.09.30"]
[SourceQuality "1"]
[WhiteTeam "Mugla Buyuksehir"]
[BlackTeam "Altin Cocuklar"]
[WhiteTeamCountry "TUR"]
[BlackTeamCountry "TUR"]

1. d4 d5 2. Nf3 Nf6 3. Bf4 c5 4. e3 Nc6 5. c3 cxd4 6. cxd4 Bf5 7. Bd3 Bxd3 8. Qxd3 Qb6 9. Qe2 e6 10. 0-0 Be7 11. Nc3 0-0 12. h3 Na5 13. b3 Qb4 14. Qd3 a6 15. e4 Rac8 16. Rac1 dxe4 17. Nxe4 Rxc1 18. Rxc1 Qa3 19. Rc7 Nd5 20. Bc1 Qxa2 21. Neg5 Bxg5 22. Nxg5 g6 23. Rd7 Qxb3 24. Qe2 Nc3 25. Qe5 Qd1+ 26. Kh2 Nc6 27. Qf6 Nd5 28. Rxd5 exd5 29. Be3 Qd3 30. g4 h6 31. Nf3 g5 32. Qd6 Qg6 33. Qxd5 b5 34. h4 Rd8 35. Qc5 Qd6+ 36. Qxd6 Rxd6 37. hxg5 hxg5 38. Nxg5 Nxd4 39. Ne4 Rd8 40. Bg5 Nf3+ 41. Kg3 Nxg5 42. Nxg5 b4 43. Ne4 b3 44. f3 b2 45. Nc3 Rc8 46. Nb1 Rc1 47. Na3 b1Q 48. Nxb1 Rxb1 49. Kf4 a5 50. Kg3 a4 51. Kf4 a3 52. Kg3 a2 53. Kf4 a1Q 54. Kg3 Qd4 55. Kg2 Rg1+ 56. Kh3 Qf2 57. g5 Qg3# 0-1